000 00218nam a22000857a 4500
008 170124b xxu||||| |||| 00| 0 eng d
100 _92541
_aReaders Digest
245 _aIndia's Witties & Wisest
260 _aMumbai
_bACK
_c2010
999 _c5630
_d5630